Statistics for Country Flags with the Most Colours A-Z

Click here to take the quiz!

General Stats

  • This quiz has been taken 11,409 times
    (11,117 since last reset)
  • The average score is 21 of 24

Answer Stats

Answer% Correct
India/Iraq
98%
Croatia
96%
Qatar
96%
Kenya/Kuwait
96%
Mexico
95%
Paraguay/Portugal
95%
Romania/Russia +1 other
94%
Oman
93%
Yemen
93%
Vanuatu/Venezuela
93%
Fiji
93%
Zimbabwe
91%
Lesotho/Libya +1 other
91%
Jordan
90%
Ecuador
90%
Uganda
89%
Haiti
88%
Turkmenistan
86%
Guatemala
85%
San Marino
82%
Antigua and Barbuda
81%
Belize
76%
Namibia
76%
Dominica
75%

Score Distribution

Percentile by Number Answered

Percent of People with Each Score

Your Score History

You have not taken this quiz since the last reset